| 000 | 00642nam a2200253 a 4500 | ||
|---|---|---|---|
| 001 | adlib96000001 | ||
| 003 | ViArRB | ||
| 005 | 200902210153555.7 | ||
| 008 | 960221s1955 dcuabcdjdbkoqu001 0deng d | ||
| 020 | _a | ||
| 022 | _a | ||
| 040 | _aAdlib | ||
| 082 | _a621.3.083.7 | ||
| 245 | _aRemotesensing: A better view | ||
| 250 | _a | ||
| 260 |
_aMassachusetts _bDuxbury _c1974 |
||
| 300 |
_a135p. _c |
||
| 500 | _a | ||
| 100 |
_aRudd, Robert D _e |
||
| 700 |
_a _a |
||
| 942 | _cBK | ||
| 653 | _aRemote sensing | ||
| 952 |
_w2010-06-16 _p00038150 _r2010-06-16 _40 _00 _bUL _10 _o621.3.083.7 RUD _d2010-06-16 _70 _yBK _aUL |
||
| 999 |
_c19127 _d19126 |
||